Sporcle Crossword Quiz Stats

 Plays Quiz Updated Dec 12, 2018

Challenge
Share
Tweet
Embed
Score 0/110 Timer 10:00
1 Play Today
Down clues Across Clues % Correct
Word 1: Spain, in Spain
Word 2: Talk show host
93.4%
Word 1: 'I told you!'
Word 2: Had pimples
91.1%
Word 1: Part of a foot
Word 2: Removed wrinkles
90.8%
Word 1: Pig's digs
Word 2: Sneakier
90.8%
Word 1: Royal racecourse
Word 2: 'The Greatest'
90.3%
Word 1: Jock's target
Word 2: Freed of restraint
89.6%
Word 1: Royal racecourse
Word 2: 'The Greatest'
89.6%
Word 1: Pig's digs
Word 2: Sneakier
89.3%
Word 1: Pig's digs
Word 2: Sneakier
89.3%
Word 1: Sunii's faith
Word 2: Thanksgiving dish
89%
Word 1: Royal racecourse
Word 2: 'The Greatest'
86.7%
Word 1: Sunii's faith
Word 2: Thanksgiving dish
85.1%
Word 1: Kudos
Word 2: Jazz's home
85.1%
Word 1: Spain, in Spain
Word 2: Talk show host
Α
84.4%
Word 1: Sunii's faith
Word 2: Thanksgiving dish
Ѕ
84.2%
Word 1: Spain, in Spain
Word 2: Talk show host
Ρ
83.4%
Word 1: 'I told you!'
Word 2: Had pimples
Ε
81.8%
Word 1: Spain, in Spain
Word 2: Talk show host
Ν
81.8%
'North By Northwest'
climax location
81.5%
Word 1: Part of a foot
Word 2: Removed wrinkles
С
81.5%
Word 1: Kudos
Word 2: Jazz's home
Α
81.3%
Its official name includes
'Providence Plantations'
Α
80.6%
Word 1: Sunii's faith
Word 2: Thanksgiving dish
Α
80.4%
Word 1: Spain, in Spain
Word 2: Talk show host
Ε
80.3%
Word 1: Spain, in Spain
Word 2: Talk show host
Ε
80.1%
Word 1: 'I told you!'
Word 2: Had pimples
79.9%
Word 1: Sunii's faith
Word 2: Thanksgiving dish
79.5%
Word 1: Royal racecourse
Word 2: 'The Greatest'
Τ
79.3%
Word 1: Pig's digs
Word 2: Sneakier
Ε
79.1%
Word 1: Pig's digs
Word 2: Sneakier
Τ
78.6%
Word 1: Royal racecourse
Word 2: 'The Greatest'
Ŀ
78.6%
Word 1: 'I told you!'
Word 2: Had pimples
78.6%
Its official name includes
'Providence Plantations'
Ι
78.1%
Its official name includes
'Providence Plantations'
О
77.8%
Word 1: Jock's target
Word 2: Freed of restraint
Ѕ
77.5%
Word 1: Spain, in Spain
Word 2: Talk show host
Ѕ
77.4%
Word 1: Pig's digs
Word 2: Sneakier
Ѕ
77%
Down clues Across Clues % Correct
Word 1: Spain, in Spain
Word 2: Talk show host
Α
77%
Word 1: Jock's target
Word 2: Freed of restraint
R
76.9%
Its official name includes
'Providence Plantations'
Ε
75.9%
Word 1: Jock's target
Word 2: Freed of restraint
Ŀ
75.8%
Word 1: Royal racecourse
Word 2: 'The Greatest'
Ѕ
75.4%
'North By Northwest'
climax location
Н
74.9%
Word 1: Royal racecourse
Word 2: 'The Greatest'
О
74.8%
Word 1: Spain, in Spain
Word 2: Talk show host
О
74.6%
Its official name includes
'Providence Plantations'
D
74.4%
Word 1: Kudos
Word 2: Jazz's home
Ѕ
74.3%
Word 1: Sunii's faith
Word 2: Thanksgiving dish
Ι
72.8%
Its official name includes
'Providence Plantations'
Ѕ
72.1%
Word 1: Jock's target
Word 2: Freed of restraint
D
72%
Word 1: Pig's digs
Word 2: Sneakier
Ŀ
70%
Its official name includes
'Providence Plantations'
Ŀ
69.6%
Word 1: Spain, in Spain
Word 2: Talk show host
Ŀ
69.5%
Word 1: Jock's target
Word 2: Freed of restraint
О
69.5%
Word 1: Pig's digs
Word 2: Sneakier
Ѕ
69.1%
Word 1: Pig's digs
Word 2: Sneakier
Υ
68.1%
Its official name includes
'Providence Plantations'
R
68%
Word 1: Spain, in Spain
Word 2: Talk show host
Ν
68%
Word 1: Jock's target
Word 2: Freed of restraint
Ν
67.8%
Its official name includes
'Providence Plantations'
Ν
67.6%
Word 1: Royal racecourse
Word 2: 'The Greatest'
Α
67.1%
Word 1: Sunii's faith
Word 2: Thanksgiving dish
Μ
66.7%
Word 1: 'I told you!'
Word 2: Had pimples
Ѕ
66.7%
Word 1: Sunii's faith
Word 2: Thanksgiving dish
Ŀ
66.5%
Word 1: Pig's digs
Word 2: Sneakier
Υ
66.2%
Word 1: Jock's target
Word 2: Freed of restraint
О
65.8%
Word 1: Pig's digs
Word 2: Sneakier
R
65.1%
Word 1: Royal racecourse
Word 2: 'The Greatest'
Ι
64.8%
Its official name includes
'Providence Plantations'
Н
64.6%
Word 1: Jock's target
Word 2: Freed of restraint
Ε
64.3%
Word 1: Jock's target
Word 2: Freed of restraint
Ε
64.3%
'North By Northwest'
climax location
Α
63.5%
Its official name includes
'Providence Plantations'
D
63.1%
Word 1: Part of a foot
Word 2: Removed wrinkles
R
63.1%
Down clues Across Clues % Correct
'North By Northwest'
climax location
О
62.9%
Word 1: 'I told you!'
Word 2: Had pimples
С
62.5%
Word 1: Royal racecourse
Word 2: 'The Greatest'
Α
62%
Word 1: Part of a foot
Word 2: Removed wrinkles
Ν
62%
Word 1: Kudos
Word 2: Jazz's home
R
61.9%
Word 1: Jock's target
Word 2: Freed of restraint
D
61.8%
Word 1: 'I told you!'
Word 2: Had pimples
D
60.9%
Word 1: Royal racecourse
Word 2: 'The Greatest'
С
60.3%
Word 1: Part of a foot
Word 2: Removed wrinkles
Ε
59.8%
Word 1: Sunii's faith
Word 2: Thanksgiving dish
Μ
59.2%
Word 1: Kudos
Word 2: Jazz's home
Α
59.1%
'North By Northwest'
climax location
Τ
58.9%
Word 1: 'I told you!'
Word 2: Had pimples
Ε
57.6%
Word 1: 'I told you!'
Word 2: Had pimples
Ν
57.2%
Word 1: 'I told you!'
Word 2: Had pimples
Ε
56.2%
Word 1: 'I told you!'
Word 2: Had pimples
Α
55.5%
Word 1: Sunii's faith
Word 2: Thanksgiving dish
Υ
55.2%
Word 1: Sunii's faith
Word 2: Thanksgiving dish
Α
55.1%
Word 1: Part of a foot
Word 2: Removed wrinkles
О
54.2%
'North By Northwest'
climax location
Κ
52.5%
Word 1: Part of a foot
Word 2: Removed wrinkles
Ν
52.1%
Word 1: Part of a foot
Word 2: Removed wrinkles
D
52%
Word 1: Kudos
Word 2: Jazz's home
52%
Word 1: Part of a foot
Word 2: Removed wrinkles
Ι
51.9%
Word 1: Kudos
Word 2: Jazz's home
Τ
51.4%
'North By Northwest'
climax location
О
51.3%
'North By Northwest'
climax location
D
51.2%
'North By Northwest'
climax location
Α
51.2%
'North By Northwest'
climax location
Τ
50.9%
Word 1: Kudos
Word 2: Jazz's home
Н
50.3%
'North By Northwest'
climax location
Ѕ
49.8%
Word 1: Part of a foot
Word 2: Removed wrinkles
Н
49.3%
Word 1: Kudos
Word 2: Jazz's home
Ε
49.2%
Word 1: Part of a foot
Word 2: Removed wrinkles
Ι
48.4%
Word 1: Kudos
Word 2: Jazz's home
Ι
46.5%
Word 1: Kudos
Word 2: Jazz's home
Ρ
45.4%

You're not logged in!

Compare scores with friends on all Sporcle quizzes.
OR
Log In

You Might Also Like...

Show Comments

Extras

Top Quizzes Today


Score Distribution

Your Account Isn't Verified!

In order to create a playlist on Sporcle, you need to verify the email address you used during registration. Go to your Sporcle Settings to finish the process.

Report this User

Report this user for behavior that violates our Community Guidelines.

Details: